Interviewing A Guide To Theory And Practice (Record no. 42923)
[ view plain ]
| 000 -LEADER | |
|---|---|
| fixed length control field | 00319nam a2200121Ia 4500 |
| 008 - FIXED-LENGTH DATA ELEMENTS--GENERAL INFORMATION | |
| fixed length control field | 241028s9999 xx 000 0 und d |
| 041 ## - LANGUAGE CODE | |
| Language code of text/sound track or separate title | eng |
| 082 ## - DEWEY DECIMAL CLASSIFICATION NUMBER | |
| Classification number | 650.144 ROU |
| 100 ## - MAIN ENTRY--PERSONAL NAME | |
| Personal name | Kathryn Roulston |
| 245 ## - TITLE STATEMENT | |
| Title | Interviewing A Guide To Theory And Practice |
| 260 ## - PUBLICATION, DISTRIBUTION, ETC. | |
| Name of publisher, distributor, etc. | Sage |
| Place of publication, distribution, etc. | LOS ANGELE |
| Date of publication, distribution, etc. | 2022 |
| 300 ## - PHYSICAL DESCRIPTION | |
| Extent | 332;. P. 22 cm |
| Withdrawn status | Lost status | Damaged status | Not for loan | Home library | Current library | Shelving location | Date acquired | Cost, normal purchase price | Full call number | Barcode | Date last seen | Cost, replacement price | Price effective from | Koha item type |
|---|---|---|---|---|---|---|---|---|---|---|---|---|---|---|
| IMTN | IMTN | Rack 18-B | 07/03/2024 | 6487.50 | 650.144 ROU | 33352 | 10/28/2024 | 75.00 | 10/28/2024 | Books |